| 000 | 00422nam a2200133Ia 4500 | ||
|---|---|---|---|
| 008 | 170516s9999 xx 000 0 und d | ||
| 245 | _aRetrievable Inferior Vena Cava Filters for Venous Thromboembolism, Han Ni and Lei Lei Win | ||
| 260 | _bISRN Radiology | ||
| 260 | _c2014 | ||
| 300 | _a: | ||
| 650 | _xRadiologic Technology | ||
| 650 | _xRadtech | ||
| 856 | _uhttps://www.hindawi.com/journals/isrn/contents/radiology/ | ||
| 999 |
_c332789 _d332789 |
||